Teoría de la libertad (Record no. 21641)

MARC details
000 -LEADER
campo de control de longitud fija 00550nam a2200157 i 4500
001 - NÚMERO DE CONTROL
campo de control 21641
003 - IDENTIFICADOR DE NÚMERO DE CONTROL
campo de control ES-MaACL
005 - FECHA Y HORA DE LA ÚLTIMA TRANSACCIÓN
campo de control 20230906152523.0
007 - CAMPO FIJO DE DESCRIPCIÓN FÍSICA--INFORMACIÓN GENERAL
campo de control de longitud fija t|
008 - DATOS DE LONGITUD FIJA--INFORMACIÓN GENERAL
campo de control de longitud fija 021126s1913 sp ||||1| spa d
100 1# - ENTRADA PRINCIPAL--NOMBRE DE PERSONA
Nombre de persona Alcázar González-Zamorano, Manuel.
9 (RLIN) 19537
245 10 - MENCIÓN DEL TÍTULO
Título Teoría de la libertad
Resto del título : discurso leído en el Ateneo Albacetense en la apertura del curso académico de 1912 a 1913 /
Mención de responsabilidad, etc. Manuel Alcázar González-Zamorano.
260 ## - PUBLICACIÓN, DISTRIBUCIÓN, ETC.
Lugar de publicación, distribución, etc. Albacete :
Nombre del editor, distribuidor, etc. [s.n.],
Fecha de publicación, distribución, etc. 1913.
710 2# - ENTRADA AGREGADA--NOMBRE DE ENTIDAD CORPORATIVA
Nombre de entidad corporativa o nombre de jurisdicción como elemento de entrada Ateneo Albacetense.
9 (RLIN) 1841
852 ## - LOCALIZACIÓN
Ubicación ES-MaACL
Número de control de estantería T-1340-F-5
Holdings
Estatus retirado Estado de pérdida Estado de daño No para préstamo Colección Biblioteca de origen Biblioteca actual Ubicación en estantería Fecha de adquisición Fuente de adquisición Total de préstamos Signatura topográfica completa Código de barras Visto por última vez Precio de reemplazo Tipo de ítem Koha
        Colección de folletos Biblioteca del Ateneo de Madrid Biblioteca del Ateneo de Madrid Depósito folletos 17/01/2008     T-1340-F-5 1022242 23/02/2023 23/02/2023 Folleto